000 00504nam a2200169Ia 4500
999 _c12004
_d12004
003 OSt
005 20201015124832.0
008 190216s9999||||xx |||||||||||||| ||und||
040 _coclc
082 _a808.1
_bBUT/A
100 _aButcher, S H
_95170
245 0 _aAristotile`s Theory Of Poetry And Fine Art /
_c S H Butcher
260 _bLyall Book Depot,
_c1967.
_aLudhiana:
300 _a421p
650 _aEnglish Stories-Poetry
942 _cBK
_2ddc
_h808.1
_iBUT/A
_k808.1
_mBUT/A